Znajomość angielskiego - Europa - Statystyki

Ogólne statystyki
  • Ten quiz został rozwiązany 695 razy
    678 od ostatniego zresetowania
  • Średni wynik to 11 z 15
Statystyki odpowiedzi
Punkty Kraj % Poprawnych
61,49 pkt. Polska
98%
61,58 pkt. Niemcy
97%
70,81 pkt. Szwecja
87%
68,54 pkt. Norwegia
86%
66,61 pkt. Finlandia
82%
59,09 pkt. Czechy
81%
72,16 pkt. Holandia
79%
60,90 pkt. Belgia
78%
71,15 pkt. Dania
76%
60,17 pkt. Szwajcaria
73%
62,13 pkt. Austria
71%
59,68 pkt. Portugalia
70%
58,72 pkt. Węgry
62%
63,20 pkt. Luksemburg
60%
59,07 pkt. Serbia
49%
Nie znaleziono quizów pasujących do podanych kryteriów
Rozkład punktacji
Procent ludzi z każdym wynikiem
Percentyl według liczby udzielonych odpowiedzi
Twoja historia wyników
Nie rozwiązałeś tego quizu od ostatniego zresetowania